| 000 | 00788cam a22002413a 4500 | ||
|---|---|---|---|
| 001 | 18432 | ||
| 003 | PGUSA | ||
| 005 | 20140828083407.0 | ||
| 008 | 060522s2006||||xxu|||||s|||||000 | eng d | ||
| 040 |
_aPGUSA _beng |
||
| 042 | _adc | ||
| 050 | 4 | _aTX | |
| 100 | 1 |
_aFowler, Arthur L., _d1881- |
|
| 245 | 1 | 0 |
_aFowler's Household Helps : _bOver 300 Useful and Valuable Helps About the Home, Carefully Compiled and Arranged in Convenient Form for Frequent Use _h[electronic resource] / _cArthur L. Fowler |
| 260 |
_bProject Gutenberg, _c2006 |
||
| 506 | _aPublic domain in the USA. | ||
| 516 | _aElectronic text | ||
| 653 | _aHome economics | ||
| 653 | _aFormulas, recipes, etc. | ||
| 830 | 0 |
_aProject Gutenberg _v18432 |
|
| 856 | 4 | 0 | _uhttp://www.gutenberg.org/ebooks/18432 |
| 942 | _cEB | ||
| 999 |
_c247687 _d247687 |
||